| 000 | 01203cam a2200313Ia 4500 | ||
|---|---|---|---|
| 005 | 20151019082551.0 | ||
| 008 | 100922s2006 mx a fr 001 0 spa d | ||
| 020 | _a9701051084 | ||
| 035 | _a(OCoLC)664817406 | ||
| 040 |
_aCO-BoUCM _bspa _cSandra Palacio _dSandra Palacio |
||
| 041 | 1 |
_aspa _heng |
|
| 100 | 1 |
_aNorton, Peter _d1943- _972477 |
|
| 245 | 1 | 0 |
_aIntroducción a la computación _cPeter Norton ; traducción, Claudia Fuentes y Héctor Esqueda |
| 250 | _a6a ed | ||
| 260 |
_aMéxico D.F. (México) _bMcGraw-Hill _c2006 |
||
| 300 |
_axxviii, 656 páginas _bilustraciones |
||
| 500 | _aIncluye índice | ||
| 650 | 7 |
_aComputadores _911337 |
|
| 650 | 7 |
_aDesarrollo de programas para computador _912948 |
|
| 650 | 7 |
_aDispositivos de almacenamiento (computadores) _972478 |
|
| 650 | 7 |
_aSistemas operacionales (Computadores) _924672 |
|
| 650 | 7 |
_aSistemas de almacenamiento y recuperación de información _98115 _xAdministración |
|
| 690 |
_942853 _aInformática |
||
| 700 | 1 |
_aFuentes, Claudia _972479 |
|
| 700 | 1 |
_aEsqueda, Héctor _972480 |
|
| 765 | _tPeter Norton´s introduction to computers | ||
| 942 |
_2DEWEY _a1 _cLIBRO _e6 _h004 _mN882i |
||
| 999 |
_c301150 _d301150 |
||